| 000 | 00708nam a2200193 i 4500 | ||
|---|---|---|---|
| 001 | 28166 | ||
| 003 | ES-MaACL | ||
| 005 | 20250625150552.0 | ||
| 007 | t| | ||
| 008 | 030116m19821983sp ||||1| cat d | ||
| 100 | 1 |
_aBalcells, José María, _d1943- _924862 |
|
| 245 | 1 | 0 |
_aSantiago Rusiñol i la literatura hispáanica _b: homenatge a Carles Rahola / _cJosep Mª Balcells. |
| 260 |
_a[Girona] : _bInstitut d'Estudis Gironins, _c1982-1983. |
||
| 300 |
_a19 p. ; _c24 cm. |
||
| 500 | _aSeparata de: Annals de l'Institut d'Estudis Gironins, v. 26, 1982-1983, p. 523-541. | ||
| 600 | 1 | 4 |
_aRusiñol, Santiago, _d1861-1931 _9241043 |
| 852 |
_aES-MaACL _j2138-F-7 _bR.114393 |
||
| 999 |
_c28166 _d28166 |
||